000 00410nam a2200133Ia 4500
008 151001s9999||||xx |||||||||||||| ||und||
100 _aकृष्णा भोगे
245 _aभारतीय राज्यघटना
250 _a2
260 _bसाकेत प्रकाशन प्रा लि औरंगाबाद
260 _c२०१३
300 _a208
365 _b22
999 _c1002091
_d1002088